[Event "DVM U20w 2019"]
[Site "Braunschweig GER"]
[Date "2019.12.27"]
[Round "2"]
[White "Pavlov, Liliane"]
[Black "Schmidt, Pauline"]
[Result "1-0"]
[Termination "normal"]
[Board "5.2"]
[WhiteElo "1623"]
[BlackElo "1628"]
[WhiteClock "00:39:11"]
[BlackClock "00:01:17"]
[WhiteTeam "SC Bavaria Regensburg von 1881 e.V."]
[BlackTeam "SG Blau-Weiß Stadtilm"]
[PlyCount "65"]
[WhiteFideId "16225449"]
[BlackFideId "16209850"]
[EventCountry "GER"]
[EventRounds "7"]
[EventType "team-swiss"]
[EventDate "2019.12.26"]

1. d4 {[%clk 1:30:59]} Nf6 {[%clk 1:30:54]} 2. c4 {[%clk 1:31:19]} e6 {[%clk
1:31:14]} 3. Nf3 {[%clk 1:31:42]} b6 {[%clk 1:31:34]} 4. g3 {[%clk 1:32:04]}
Ba6 {[%clk 1:31:42]} 5. b3 {[%clk 1:31:54]} Bb4+ {[%clk 1:31:45]} 6. Bd2 {[%clk
1:31:54]} Be7 {[%clk 1:31:28]} 7. Nc3 {[%clk 1:31:35]} d5 {[%clk 1:29:31]} 8.
cxd5 {[%clk 1:29:58]} exd5 {[%clk 1:27:32]} 9. Bg2 {[%clk 1:28:44]} Bb7 {[%clk
1:24:40]} 10. O-O {[%clk 1:28:58]} O-O {[%clk 1:24:40]} 11. Rc1 {[%clk
1:28:18]} a6 {[%clk 1:21:34]} 12. Re1 {[%clk 1:26:01]} Nbd7 {[%clk 1:15:37]}
13. Qc2 {[%clk 1:19:55]} Rc8 {[%clk 1:12:41]} 14. h3 {[%clk 1:17:22]} c5 {[%clk
1:05:19]} 15. Qb2 {[%clk 1:12:14]} cxd4 {[%clk 0:49:32]} 16. Nxd4 {[%clk
1:12:08]} Bc5 {[%clk 0:47:10]} 17. Na4 {[%clk 1:02:12]} b5 {[%clk 0:41:38]} 18.
Nxc5 {[%clk 1:02:16]} Nxc5 {[%clk 0:41:25]} 19. Bb4 {[%clk 1:00:14]} Nfd7
{[%clk 0:38:44]} 20. Nf5 {[%clk 0:59:05]} Qg5 {[%clk 0:19:35]} 21. Nd6 {[%clk
0:55:30]} Rb8 {[%clk 0:11:31]} 22. Nxb7 {[%clk 0:50:02]} Nxb7 {[%clk 0:10:28]}
23. Bxf8 {[%clk 0:50:17]} Nxf8 {[%clk 0:10:50]} 24. Red1 {[%clk 0:50:24]} Ne6
{[%clk 0:07:26]} 25. Bxd5 {[%clk 0:47:29]} Ned8 {[%clk 0:03:36]} 26. Bxb7
{[%clk 0:46:23]} Nxb7 {[%clk 0:03:57]} 27. Rd7 {[%clk 0:43:58]} h6 {[%clk
0:04:15]} 28. Rcc7 {[%clk 0:39:51]} Nd8 {[%clk 0:03:39]} 29. Qc2 {[%clk
0:39:09]} Qe5 {[%clk 0:00:35]} 30. Rc8 {[%clk 0:38:12]} Rxc8 {[%clk 0:01:02]}
31. Qxc8 {[%clk 0:38:33]} Qxe2 {[%clk 0:00:53]} 32. Rxd8+ {[%clk 0:38:49]} Kh7
{[%clk 0:01:17]} 33. Qf5+ {[%clk 0:39:11]} 1-0

[Event "DVM U20w 2019"]
[Site "Braunschweig GER"]
[Date "2019.12.27"]
[Round "2"]
[White "Stephan, Lia"]
[Black "Oberhofer, Marie"]
[Result "0-1"]
[Termination "normal"]
[Board "5.3"]
[WhiteElo "1232"]
[BlackElo "1700"]
[WhiteClock "00:00:49"]
[BlackClock "00:42:22"]
[WhiteTeam "SG Blau-Weiß Stadtilm"]
[BlackTeam "SC Bavaria Regensburg von 1881 e.V."]
[PlyCount "66"]
[WhiteFideId "16230116"]
[BlackFideId "12938165"]
[EventCountry "GER"]
[EventRounds "7"]
[EventType "team-swiss"]
[EventDate "2019.12.26"]

1. e4 {[%clk 1:30:53]} c5 {[%clk 1:30:53]} 2. Nc3 {[%clk 1:30:53]} Nc6 {[%clk
1:31:17]} 3. Nge2 {[%clk 1:30:18]} g6 {[%clk 1:30:27]} 4. g3 {[%clk 1:29:29]}
Bg7 {[%clk 1:30:50]} 5. Bg2 {[%clk 1:25:48]} d6 {[%clk 1:30:24]} 6. d3 {[%clk
1:19:12]} e6 {[%clk 1:28:17]} 7. h4 {[%clk 1:18:59]} h5 {[%clk 1:25:31]} 8. O-O
{[%clk 1:12:01]} Nge7 {[%clk 1:22:32]} 9. Be3 {[%clk 1:00:01]} O-O {[%clk
1:19:17]} 10. Qd2 {[%clk 0:55:16]} Nd4 {[%clk 1:17:19]} 11. Nf4 {[%clk
0:46:06]} Rb8 {[%clk 1:13:05]} 12. Nce2 {[%clk 0:40:09]} Nxe2+ 13. Qxe2 {[%clk
0:38:13]} Bxb2 {[%clk 1:13:02]} 14. Rab1 {[%clk 0:37:48]} Bg7 {[%clk 1:13:10]}
15. Nh3 {[%clk 0:31:06]} Qc7 {[%clk 1:07:18]} 16. f4 {[%clk 0:25:00]} Bd7
{[%clk 1:02:18]} 17. c4 {[%clk 0:22:03]} b5 {[%clk 1:00:06]} 18. cxb5 {[%clk
0:10:52]} Bxb5 {[%clk 0:59:38]} 19. Rfc1 {[%clk 0:09:39]} Bd7 {[%clk 0:58:18]}
20. Rxb8 {[%clk 0:07:45]} Rxb8 {[%clk 0:58:37]} 21. Rc2 {[%clk 0:05:20]} Qa5
{[%clk 0:54:36]} 22. Qd2 {[%clk 0:04:07]} Qxd2 {[%clk 0:53:44]} 23. Rxd2 {[%clk
0:04:23]} Nc6 {[%clk 0:52:33]} 24. Ng5 {[%clk 0:02:10]} Rb2 {[%clk 0:47:41]}
25. Rxb2 {[%clk 0:02:20]} Bxb2 {[%clk 0:48:04]} 26. e5 {[%clk 0:02:07]} dxe5
{[%clk 0:47:57]} 27. Bxc6 {[%clk 0:02:07]} Bxc6 {[%clk 0:48:16]} 28. Bxc5
{[%clk 0:02:01]} a6 {[%clk 0:43:56]} 29. Bd6 {[%clk 0:01:08]} exf4 {[%clk
0:44:14]} 30. Bxf4 {[%clk 0:01:32]} Bb5 {[%clk 0:44:16]} 31. Kg2 Bxd3 {[%clk
0:43:45]} 32. a4 {[%clk 0:01:01]} Bc3 {[%clk 0:42:23]} 33. Nf3 {[%clk 0:00:49]}
Bc2 {[%clk 0:42:22]} 0-1

[Event "DVM U20w 2019"]
[Site "Braunschweig GER"]
[Date "2019.12.27"]
[Round "2"]
[White "Rempe, Mieke"]
[Black "Jörs, Pia-Milena"]
[Result "0-1"]
[Termination "normal"]
[Board "6.2"]
[WhiteElo "1619"]
[BlackElo "1646"]
[WhiteClock "00:44:16"]
[BlackClock "00:34:46"]
[WhiteTeam "SK Doppelbauer Kiel"]
[BlackTeam "SG Güstrow/Teterow"]
[PlyCount "56"]
[WhiteFideId "16202384"]
[BlackFideId "12964646"]
[EventCountry "GER"]
[EventRounds "7"]
[EventType "team-swiss"]
[EventDate "2019.12.26"]

1. e4 {[%clk 1:30:54]} c6 {[%clk 1:30:47]} 2. d4 {[%clk 1:31:02]} d5 {[%clk
1:31:11]} 3. Nd2 {[%clk 1:30:56]} dxe4 {[%clk 1:31:29]} 4. Nxe4 {[%clk
1:31:11]} Bf5 {[%clk 1:31:43]} 5. Ng3 {[%clk 1:31:02]} Bg6 {[%clk 1:32:00]} 6.
Nf3 {[%clk 1:30:48]} Nd7 {[%clk 1:29:57]} 7. Be3 {[%clk 1:28:45]} e6 {[%clk
1:29:56]} 8. Qd2 {[%clk 1:28:10]} Ngf6 {[%clk 1:28:31]} 9. O-O-O {[%clk
1:27:24]} Bd6 {[%clk 1:25:52]} 10. Bf4 {[%clk 1:24:47]} Qc7 {[%clk 1:25:10]}
11. Bxd6 {[%clk 1:23:46]} Qxd6 {[%clk 1:25:32]} 12. h4 {[%clk 1:23:23]} h6
{[%clk 1:24:34]} 13. h5 {[%clk 1:20:46]} Bh7 {[%clk 1:24:39]} 14. Ne2 {[%clk
1:18:25]} Qd5 {[%clk 1:18:49]} 15. Nc3 {[%clk 1:17:38]} Qa5 {[%clk 1:18:31]}
16. Rh4 {[%clk 1:14:31]} O-O-O {[%clk 1:09:23]} 17. g4 {[%clk 1:11:08]} Nd5
{[%clk 0:59:59]} 18. Nxd5 {[%clk 1:07:24]} Qxd5 {[%clk 0:59:04]} 19. Qc3 {[%clk
0:55:35]} Qxa2 {[%clk 0:44:03]} 20. Bc4 {[%clk 0:54:45]} Qa4 {[%clk 0:43:31]}
21. d5 {[%clk 0:54:32]} exd5 {[%clk 0:41:13]} 22. Bxd5 {[%clk 0:53:56]} Nf6
{[%clk 0:37:11]} 23. g5 {[%clk 0:47:57]} Qa1+ {[%clk 0:37:03]} 24. Kd2 {[%clk
0:48:21]} Rxd5+ {[%clk 0:37:18]} 25. Rd4 {[%clk 0:48:45]} Ne4+ {[%clk 0:37:11]}
26. Ke3 {[%clk 0:46:01]} Qxd1 {[%clk 0:34:33]} 27. Rxd1 {[%clk 0:45:08]} Nxc3
{[%clk 0:34:40]} 28. Rg1 {[%clk 0:44:16]} Re8+ {[%clk 0:34:46]} 0-1

[Event "DVM U20w 2019"]
[Site "Braunschweig GER"]
[Date "2019.12.27"]
[Round "2"]
[White "Puls, Luisa"]
[Black "Birner, Lucy Jasmin"]
[Result "1-0"]
[Termination "normal"]
[Board "6.3"]
[WhiteElo "1551"]
[BlackElo "1611"]
[WhiteClock "00:04:58"]
[BlackClock "00:47:36"]
[WhiteTeam "SG Güstrow/Teterow"]
[BlackTeam "SK Doppelbauer Kiel"]
[PlyCount "90"]
[WhiteFideId "16266005"]
[BlackFideId "16205910"]
[EventCountry "GER"]
[EventRounds "7"]
[EventType "team-swiss"]
[EventDate "2019.12.26"]

1. e4 {[%clk 1:30:58]} e5 {[%clk 1:30:51]} 2. Nf3 {[%clk 1:31:23]} Nc6 {[%clk
1:31:16]} 3. d4 {[%clk 1:31:46]} exd4 {[%clk 1:29:57]} 4. Nxd4 {[%clk 1:32:06]}
Nxd4 5. Qxd4 {[%clk 1:32:30]} d6 {[%clk 1:29:56]} 6. Nc3 {[%clk 1:31:30]} Be6
{[%clk 1:29:35]} 7. Be3 {[%clk 1:29:07]} Nf6 {[%clk 1:28:32]} 8. Be2 {[%clk
1:27:44]} g6 {[%clk 1:27:36]} 9. O-O {[%clk 1:18:54]} Bg7 {[%clk 1:27:43]} 10.
Rfd1 {[%clk 1:12:30]} O-O {[%clk 1:27:26]} 11. Qb4 {[%clk 1:07:44]} b6 {[%clk
1:26:23]} 12. Bf3 {[%clk 1:03:05]} Ng4 {[%clk 1:20:37]} 13. e5 {[%clk 0:57:48]}
Nxe3 {[%clk 1:14:48]} 14. fxe3 {[%clk 0:56:58]} c5 {[%clk 1:14:38]} 15. Qa3
{[%clk 0:54:26]} Rb8 {[%clk 1:14:05]} 16. exd6 {[%clk 0:49:52]} Qd7 {[%clk
1:12:26]} 17. Be2 {[%clk 0:37:35]} Rfd8 {[%clk 1:08:44]} 18. Nb5 {[%clk
0:29:02]} a5 {[%clk 1:08:12]} 19. Rd2 {[%clk 0:26:53]} Qc6 {[%clk 1:06:03]} 20.
Rad1 {[%clk 0:22:03]} Qe4 {[%clk 1:03:25]} 21. Bf3 {[%clk 0:19:32]} Qc4 {[%clk
0:59:32]} 22. Na7 {[%clk 0:17:43]} Bd7 {[%clk 0:59:36]} 23. Bd5 {[%clk
0:15:03]} Qh4 {[%clk 0:58:23]} 24. Qb3 {[%clk 0:10:18]} Rf8 {[%clk 0:57:21]}
25. Nc6 {[%clk 0:09:34]} Bxc6 {[%clk 0:57:20]} 26. Bxc6 {[%clk 0:09:57]} Be5
{[%clk 0:56:41]} 27. g3 {[%clk 0:09:12]} Qg5 {[%clk 0:56:06]} 28. Rd5 {[%clk
0:06:48]} Kg7 {[%clk 0:53:59]} 29. d7 {[%clk 0:05:14]} Rfd8 {[%clk 0:52:41]}
30. Rf1 {[%clk 0:04:43]} h5 {[%clk 0:51:35]} 31. Rxf7+ {[%clk 0:03:52]} Kh6
{[%clk 0:51:40]} 32. Qd3 {[%clk 0:03:31]} h4 {[%clk 0:47:24]} 33. Qe4 {[%clk
0:03:25]} hxg3 {[%clk 0:47:33]} 34. Rxe5 {[%clk 0:02:44]} gxh2+ {[%clk
0:47:18]} 35. Kxh2 {[%clk 0:03:07]} Qxe5+ {[%clk 0:46:38]} 36. Qxe5 {[%clk
0:03:29]} Rg8 {[%clk 0:45:45]} 37. Qf4+ {[%clk 0:03:33]} g5 {[%clk 0:45:55]}
38. Qe4 {[%clk 0:03:20]} g4 {[%clk 0:45:37]} 39. Qh7+ {[%clk 0:03:24]} Kg5
{[%clk 0:45:56]} 40. Rg7+ {[%clk 0:03:35]} Rxg7 {[%clk 0:46:11]} 41. Qxg7+
{[%clk 0:04:00]} Kf5 {[%clk 0:46:34]} 42. Qf7+ {[%clk 0:03:56]} Kg5 {[%clk
0:46:36]} 43. Qe7+ {[%clk 0:04:13]} Kf5 {[%clk 0:46:55]} 44. d8=Q {[%clk
0:04:34]} Rxd8 {[%clk 0:47:15]} 45. Qxd8 {[%clk 0:04:58]} Kg5 {[%clk 0:47:36]}
1-0

[Event "DVM U20w 2019"]
[Site "Braunschweig GER"]
[Date "2019.12.27"]
[Round "2"]
[White "Malinowsky, Celina"]
[Black "Zoll, Cindy"]
[Result "1-0"]
[Termination "normal"]
[Board "6.4"]
[WhiteElo "1293"]
[BlackElo "1387"]
[WhiteTeam "SK Doppelbauer Kiel"]
[BlackTeam "SG Güstrow/Teterow"]
[PlyCount "81"]
[WhiteFideId "16266986"]
[BlackFideId "12964638"]
[EventCountry "GER"]
[EventRounds "7"]
[EventType "team-swiss"]
[EventDate "2019.12.26"]

1. e4 e6 2. d4 d5 3. exd5 exd5 4. Bd3 Bd6 5. Nf3 Bg4 6. Nbd2 Nf6 7. O-O O-O 8.
Re1 Nc6 9. c3 Re8 10. Qc2 Qd7 11. h3 Bh5 12. Kf1 Nd8 13. Ne5 Qe7 14. Ndf3 Bxf3
15. Nxf3 Qd7 16. Ne5 Qe7 17. Bg5 Ne6 18. Bxh7+ Kf8 19. Bxf6 gxf6 20. Qd2 fxe5
21. Qh6+ Ng7 22. Bf5 Qd8 23. Qh8+ Ke7 24. Qxg7 Rg8 25. Qh6 Rh8 26. Qg5+ Kf8 27.
Qxd8+ Rxd8 28. dxe5 Bc5 29. Rad1 Kg7 30. e6 Kf6 31. Bg4 Rhf8 32. exf7 Kxf7 33.
Be6+ Kg7 34. f3 c6 35. Bg4 Kf6 36. Re6+ Kf7 37. Re5 Kg6 38. h4 Bd6 39. Re6+ Kf7
40. Rde1 Bg3 41. Bh5+ 1-0

[Event "DVM U20w 2019"]
[Site "Braunschweig GER"]
[Date "2019.12.27"]
[Round "2"]
[White "Schiewe, Nadin"]
[Black "Thiele, Lea-Marie"]
[Result "1-0"]
[Termination "normal"]
[Board "7.2"]
[WhiteElo "1629"]
[BlackElo "1061"]
[WhiteClock "00:47:54"]
[BlackClock "01:05:34"]
[WhiteTeam "Leegebrucher Schachfreunde"]
[BlackTeam "SK Lehrte"]
[PlyCount "83"]
[WhiteFideId "16209079"]
[BlackFideId "16298616"]
[EventCountry "GER"]
[EventRounds "7"]
[EventType "team-swiss"]
[EventDate "2019.12.26"]

1. d4 {[%clk 1:30:58]} Nf6 {[%clk 1:30:48]} 2. Nf3 {[%clk 1:31:23]} g6 {[%clk
1:30:50]} 3. Nbd2 {[%clk 1:31:11]} Bg7 {[%clk 1:31:02]} 4. e4 {[%clk 1:31:16]}
d6 {[%clk 1:30:49]} 5. Bd3 {[%clk 1:29:32]} Nbd7 {[%clk 1:30:11]} 6. O-O {[%clk
1:27:55]} e5 {[%clk 1:30:07]} 7. c3 {[%clk 1:24:46]} O-O {[%clk 1:29:36]} 8.
Nc4 {[%clk 1:23:45]} Nh5 {[%clk 1:28:45]} 9. Be3 {[%clk 1:21:53]} b6 {[%clk
1:27:28]} 10. Qd2 {[%clk 1:19:37]} Nf4 {[%clk 1:25:20]} 11. Bxf4 {[%clk
1:18:46]} exf4 {[%clk 1:25:36]} 12. Qxf4 {[%clk 1:18:43]} Nf6 {[%clk 1:24:35]}
13. e5 {[%clk 1:15:59]} dxe5 {[%clk 1:23:03]} 14. Ncxe5 {[%clk 1:13:52]} Nh5
{[%clk 1:22:52]} 15. Qd2 {[%clk 1:11:18]} Be6 {[%clk 1:18:27]} 16. Be4 {[%clk
1:09:24]} Rb8 {[%clk 1:18:32]} 17. Nc6 {[%clk 1:09:33]} Qf6 {[%clk 1:18:19]}
18. Nxb8 {[%clk 1:09:22]} Rxb8 {[%clk 1:18:44]} 19. Ne5 {[%clk 1:08:00]} Qh4
{[%clk 1:18:13]} 20. Rfe1 {[%clk 1:06:50]} Rd8 {[%clk 1:16:15]} 21. Nc6 {[%clk
1:05:42]} Rd6 {[%clk 1:15:20]} 22. Bf3 {[%clk 1:02:40]} Nf4 {[%clk 1:12:54]}
23. Qe3 {[%clk 0:57:55]} Bh6 {[%clk 1:12:42]} 24. Qe4 {[%clk 0:56:27]} Rd5 25.
Ne5 {[%clk 0:52:41]} Rb5 {[%clk 1:09:37]} 26. Nd3 {[%clk 0:49:55]} Rg5 {[%clk
1:09:28]} 27. Nxf4 {[%clk 0:49:40]} Bh3 {[%clk 1:07:49]} 28. Nxh3 {[%clk
0:49:08]} Qxh3 {[%clk 1:08:09]} 29. Qe8+ {[%clk 0:48:50]} Bf8 {[%clk 1:08:27]}
30. Bd5 {[%clk 0:48:30]} Qf5 {[%clk 1:07:18]} 31. Re5 {[%clk 0:47:53]} Qf6
{[%clk 1:06:31]} 32. Rxg5 {[%clk 0:48:09]} Qg7 {[%clk 1:06:38]} 33. Re5 {[%clk
0:47:42]} Qf6 {[%clk 1:05:26]} 34. Rae1 {[%clk 0:47:04]} Qf4 {[%clk 1:05:16]}
35. Re7 {[%clk 0:47:03]} Qf6 {[%clk 1:05:21]} 36. Rxf7 {[%clk 0:47:12]} Qd6
{[%clk 1:04:40]} 37. Rd7+ {[%clk 0:46:55]} Qxd5 {[%clk 1:04:46]} 38. Rxd5
{[%clk 0:47:13]} a5 {[%clk 1:05:06]} 39. Rd7 {[%clk 0:47:28]} c6 {[%clk
1:05:25]} 40. Qf7+ {[%clk 0:47:54]} Kh8 {[%clk 1:05:34]} 41. Qxg6 hxg6 42. Rd5
1-0

[Event "DVM U20w 2019"]
[Site "Braunschweig GER"]
[Date "2019.12.27"]
[Round "2"]
[White "Stelter, Finja"]
[Black "Kung, Fanny"]
[Result "0-1"]
[Termination "normal"]
[Board "7.3"]
[WhiteElo "1054"]
[BlackElo "1426"]
[WhiteClock "01:28:45"]
[BlackClock "00:24:16"]
[WhiteTeam "SK Lehrte"]
[BlackTeam "Leegebrucher Schachfreunde"]
[PlyCount "151"]
[WhiteFideId "16298624"]
[BlackFideId "12987689"]
[EventCountry "GER"]
[EventRounds "7"]
[EventType "team-swiss"]
[EventDate "2019.12.26"]

1. e4 {[%clk 1:30:59]} d5 {[%clk 1:30:52]} 2. exd5 {[%clk 1:31:21]} Qxd5 {[%clk
1:31:16]} 3. Nc3 {[%clk 1:31:42]} Qd6 {[%clk 1:31:40]} 4. Nf3 {[%clk 1:31:44]}
Nf6 {[%clk 1:32:03]} 5. d4 {[%clk 1:32:02]} a6 {[%clk 1:32:22]} 6. g3 {[%clk
1:32:19]} Bg4 {[%clk 1:30:18]} 7. Bg2 {[%clk 1:31:58]} Nc6 {[%clk 1:28:00]} 8.
a3 {[%clk 1:31:22]} e6 {[%clk 1:23:39]} 9. Bf4 {[%clk 1:30:42]} Qd7 {[%clk
1:23:06]} 10. Qd2 {[%clk 1:29:31]} Bd6 {[%clk 1:17:14]} 11. Ne5 {[%clk
1:27:58]} Bxe5 {[%clk 1:13:04]} 12. dxe5 {[%clk 1:27:45]} Qxd2+ {[%clk
1:13:24]} 13. Kxd2 {[%clk 1:27:48]} O-O-O+ {[%clk 1:13:10]} 14. Kc1 {[%clk
1:27:38]} Nd5 {[%clk 1:11:53]} 15. Nxd5 {[%clk 1:26:09]} exd5 {[%clk 1:10:28]}
16. Bg5 {[%clk 1:25:27]} Rd7 {[%clk 1:08:41]} 17. Re1 {[%clk 1:24:07]} Re8
{[%clk 1:07:44]} 18. f3 {[%clk 1:23:42]} Bf5 {[%clk 1:04:17]} 19. g4 {[%clk
1:23:31]} Bg6 {[%clk 1:04:33]} 20. h4 {[%clk 1:23:27]} Nd4 {[%clk 0:53:49]} 21.
Rd1 {[%clk 1:20:25]} Nxc2 {[%clk 0:47:57]} 22. Ra2 {[%clk 1:20:34]} h6 {[%clk
0:39:43]} 23. h5 {[%clk 1:19:53]} hxg5 {[%clk 0:38:31]} 24. hxg6 {[%clk
1:20:14]} Ne3 {[%clk 0:38:52]} 25. Rd2 {[%clk 1:19:23]} Nxg2 {[%clk 0:38:58]}
26. Rxg2 {[%clk 1:19:44]} Rxe5 {[%clk 0:39:19]} 27. b4 {[%clk 1:19:26]} f5
{[%clk 0:37:12]} 28. Rae2 {[%clk 1:18:52]} Rde7 {[%clk 0:34:47]} 29. Kd2 {[%clk
1:17:47]} f4 {[%clk 0:32:35]} 30. Rxe5 {[%clk 1:17:06]} Rxe5 {[%clk 0:32:51]}
31. Re2 {[%clk 1:17:08]} Rxe2+ {[%clk 0:33:01]} 32. Kxe2 {[%clk 1:17:34]} Kd7
{[%clk 0:32:58]} 33. Kd3 {[%clk 1:17:36]} Kd6 {[%clk 0:31:28]} 34. Kd4 {[%clk
1:17:59]} b6 {[%clk 0:31:12]} 35. a4 {[%clk 1:17:43]} c5+ {[%clk 0:30:11]} 36.
bxc5+ {[%clk 1:18:04]} bxc5+ {[%clk 0:30:34]} 37. Kd3 {[%clk 1:18:26]} Kc6
{[%clk 0:30:04]} 38. Kc3 {[%clk 1:18:33]} Kb6 {[%clk 0:30:16]} 39. Kb3 {[%clk
1:18:53]} Ka5 {[%clk 0:30:32]} 40. Ka3 {[%clk 1:19:11]} c4 {[%clk 0:30:56]} 41.
Kb2 {[%clk 1:19:29]} Kxa4 {[%clk 0:31:19]} 42. Kc3 {[%clk 1:19:52]} Kb5 {[%clk
0:31:10]} 43. Kd4 {[%clk 1:20:08]} Kb4 {[%clk 0:28:23]} 44. Kxd5 {[%clk
1:20:26]} c3 {[%clk 0:28:41]} 45. Ke6 {[%clk 1:20:50]} c2 {[%clk 0:29:07]} 46.
Kf7 {[%clk 1:21:16]} c1=Q {[%clk 0:29:30]} 47. Kxg7 {[%clk 1:21:37]} Qc7+
{[%clk 0:28:37]} 48. Kh6 {[%clk 1:21:46]} a5 {[%clk 0:27:25]} 49. g7 {[%clk
1:22:13]} Qxg7+ {[%clk 0:27:49]} 50. Kxg7 {[%clk 1:22:38]} a4 {[%clk 0:28:09]}
51. Kg6 {[%clk 1:23:02]} a3 {[%clk 0:28:34]} 52. Kxg5 {[%clk 1:23:27]} a2
{[%clk 0:28:55]} 53. Kxf4 {[%clk 1:23:53]} a1=Q 54. g5 Qg7 {[%clk 0:28:24]} 55.
Kf5 {[%clk 1:24:11]} Kc5 {[%clk 0:28:21]} 56. g6 {[%clk 1:24:38]} Kd5 {[%clk
0:28:25]} 57. Kg5 {[%clk 1:25:01]} Ke6 {[%clk 0:27:43]} 58. f4 {[%clk 1:25:15]}
Ke7 {[%clk 0:24:02]} 59. f5 {[%clk 1:25:25]} Qh8 {[%clk 0:21:01]} 60. Kf4
{[%clk 1:25:14]} Kf6 {[%clk 0:21:10]} 61. Kg4 {[%clk 1:25:05]} Qh6 {[%clk
0:21:17]} 62. Kf3 {[%clk 1:24:36]} Kxf5 {[%clk 0:21:39]} 63. g7 {[%clk
1:24:48]} Qxg7 {[%clk 0:22:03]} 64. Ke3 {[%clk 1:25:15]} Qg4 {[%clk 0:22:27]}
65. Kd3 {[%clk 1:25:33]} Ke5 {[%clk 0:22:48]} 66. Kc3 {[%clk 1:25:42]} Kd5
{[%clk 0:23:11]} 67. Kd2 {[%clk 1:26:07]} Qh3 {[%clk 0:23:24]} 68. Ke2 {[%clk
1:26:29]} Ke4 {[%clk 0:23:25]} 69. Kd2 {[%clk 1:26:54]} Qg3 {[%clk 0:23:33]}
70. Kc2 {[%clk 1:27:16]} Kd4 {[%clk 0:23:26]} 71. Kb2 {[%clk 1:27:37]} Kc4
{[%clk 0:23:43]} 72. Ka2 {[%clk 1:27:55]} Kb4 {[%clk 0:23:50]} 73. Kb2 {[%clk
1:28:12]} Qh2+ {[%clk 0:24:14]} 74. Kc1 {[%clk 1:28:35]} Kc3 {[%clk 0:24:36]}
75. Kd1 {[%clk 1:28:45]} Qd2# {[%clk 0:24:16]} 76. Ke1 0-1

[Event "DVM U20w 2019"]
[Site "Braunschweig GER"]
[Date "2019.12.27"]
[Round "2"]
[White "Adelhardt, Lisa"]
[Black "Biermann, Sophie"]
[Result "1/2-1/2"]
[Termination "normal"]
[Board "8.1"]
[WhiteElo "1418"]
[BlackElo "1645"]
[WhiteTeam "SC Erlangen 48/88"]
[BlackTeam "SG Trier"]
[WhiteFideId "16235380"]
[BlackFideId "16208960"]
[EventCountry "GER"]
[EventRounds "7"]
[EventType "team-swiss"]
[EventDate "2019.12.26"]

1. e4 e6 2. d4 d5 3. exd5 exd5 4. Nf3 Bd6 5. Nc3 Ne7 6. Bd3 c6 7. O-O Bg4 8.
Re1 Qc7 9. Be2 Bxf3 10. Bxf3 Nd7 11. Bg5 Nf6 12. h3 O-O-O 13. Bxf6 gxf6 14. Qd3
h5 15. Ne2 h4 16. Bg4+ Kb8 17. Qf3 Rh6 18. Bh5 Rf8 19. Nc3 Ng6 20. Re2 a6 21.
Rae1 Ka7 22. Re8 Rxe8 23. Rxe8 Nf4 24. Bg4 1/2-1/2

[Event "DVM U20w 2019"]
[Site "Braunschweig GER"]
[Date "2019.12.28"]
[Round "3"]
[White "Köhler, Inken"]
[Black "Ziegenfuß, Antonia"]
[Result "0-1"]
[Termination "normal"]
[Board "1.1"]
[BlackTitle "WFM"]
[WhiteElo "1998"]
[BlackElo "2052"]
[WhiteClock "00:48:08"]
[BlackClock "00:32:13"]
[WhiteTeam "TuRa Harksheide von 1945 Norderstedt e.V."]
[BlackTeam "OSG Baden-Baden"]
[PlyCount "66"]
[WhiteFideId "12929301"]
[BlackFideId "12962554"]
[EventCountry "GER"]
[EventRounds "7"]
[EventType "team-swiss"]
[EventDate "2019.12.26"]

1. e4 {[%clk 1:30:57]} c5 {[%clk 1:30:56]} 2. Nc3 {[%clk 1:31:23]} e6 {[%clk
1:31:21]} 3. g3 {[%clk 1:31:44]} Nc6 {[%clk 1:31:03]} 4. Bg2 {[%clk 1:31:49]}
Nf6 {[%clk 1:30:55]} 5. Nf3 {[%clk 1:31:05]} d5 {[%clk 1:26:13]} 6. exd5 {[%clk
1:29:58]} exd5 {[%clk 1:25:51]} 7. d4 {[%clk 1:25:09]} cxd4 {[%clk 1:11:37]} 8.
Nxd4 {[%clk 1:25:26]} Bb4 {[%clk 1:11:08]} 9. O-O {[%clk 1:22:16]} O-O {[%clk
1:09:29]} 10. Nce2 {[%clk 1:19:31]} Re8 {[%clk 0:57:14]} 11. c3 {[%clk
1:18:10]} Bc5 {[%clk 0:54:48]} 12. Bg5 {[%clk 1:13:23]} h6 {[%clk 0:47:50]} 13.
Bxf6 {[%clk 1:13:02]} Qxf6 {[%clk 0:47:57]} 14. Bxd5 {[%clk 1:10:09]} Bg4
{[%clk 0:47:12]} 15. Qd2 {[%clk 1:07:42]} Rad8 {[%clk 0:45:23]} 16. Bxc6 {[%clk
1:04:29]} Rxe2 {[%clk 0:42:59]} 17. Qf4 {[%clk 1:00:49]} Qxf4 {[%clk 0:41:50]}
18. gxf4 {[%clk 1:01:15]} Bxd4 {[%clk 0:41:57]} 19. Ba4 {[%clk 1:00:46]} Bh3
{[%clk 0:34:39]} 20. cxd4 {[%clk 0:59:19]} Bxf1 {[%clk 0:34:33]} 21. Rxf1
{[%clk 0:59:08]} Rxd4 {[%clk 0:34:21]} 22. Bb3 {[%clk 0:58:40]} Rxf4 {[%clk
0:32:52]} 23. Kg2 {[%clk 0:57:17]} Rxb2 {[%clk 0:32:53]} 24. Kg3 {[%clk
0:57:14]} g5 {[%clk 0:32:54]} 25. h3 {[%clk 0:54:52]} Kg7 {[%clk 0:32:24]} 26.
Bd5 {[%clk 0:53:35]} Rd4 {[%clk 0:31:48]} 27. Bb3 {[%clk 0:53:26]} a5 {[%clk
0:31:53]} 28. Rc1 {[%clk 0:48:11]} a4 {[%clk 0:31:46]} 29. Bc4 {[%clk 0:48:36]}
Rf4 {[%clk 0:31:28]} 30. f3 {[%clk 0:48:18]} h5 {[%clk 0:31:35]} 31. h4 {[%clk
0:48:39]} Rxh4 {[%clk 0:32:00]} 32. Bd5 {[%clk 0:48:22]} Rbh2 {[%clk 0:32:13]}
33. Rc7 {[%clk 0:48:08]} R4h3# 0-1

[Event "DVM U20w 2019"]
[Site "Braunschweig GER"]
[Date "2019.12.28"]
[Round "3"]
[White "Doll, Rebecca"]
[Black "Schnabel, Luise"]
[Result "0-1"]
[Termination "normal"]
[Board "1.2"]
[WhiteElo "1659"]
[BlackElo "1836"]
[WhiteTeam "OSG Baden-Baden"]
[BlackTeam "TuRa Harksheide von 1945 Norderstedt e.V."]
[PlyCount "82"]
[WhiteFideId "16236890"]
[BlackFideId "12943347"]
[EventCountry "GER"]
[EventRounds "7"]
[EventType "team-swiss"]
[EventDate "2019.12.26"]

1. e4 Nf6 2. e5 Nd5 3. d4 d6 4. Bc4 Nb6 5. Bb3 dxe5 6. Qf3 e6 7. dxe5 a5 8. a4
Na6 9. Nc3 Nc5 10. Qg3 Nxb3 11. cxb3 Bd7 12. Nf3 Qe7 13. Bg5 Qb4 14. Nd2 h6 15.
Be3 Nd5 16. Nxd5 exd5 17. Qf4 Qxf4 18. Bxf4 Bb4 19. Rd1 Bf5 20. O-O c6 21. Bg3
Bd3 22. Rfe1 Bc2 23. Ra1 d4 24. f3 Bxd2 25. Re2 Be3+ 26. Kh1 Bxb3 27. Ra3 Be6
28. Ra1 Rd8 29. Rd1 Bb3 30. Ra1 c5 31. Be1 b6 32. h3 O-O 33. Bg3 Rfe8 34. Ra3
c4 35. Ra1 Rd7 36. Ra3 g5 37. Ra1 Re6 38. Ree1 Bf4 39. Bxf4 gxf4 40. Re2 d3 41.
Rd2 Rxe5 0-1